Konsep WIRA dalam Sastera Melayu / (Record no. 155437)

MARC details
000 -LEADER
fixed length control field 00969nam a2200301 i 4500
001 - CONTROL NUMBER
control field C2-0175123
003 - CONTROL NUMBER IDENTIFIER
control field PPAK
005 - DATE AND TIME OF LATEST TRANSACTION
control field 20240418121905.0
008 - FIXED-LENGTH DATA ELEMENTS--GENERAL INFORMATION
fixed length control field 980929t19931993my f 0 dmay d
020 ## - INTERNATIONAL STANDARD BOOK NUMBER
International Standard Book Number 9836238166
Qualifying information paperback
040 ## - CATALOGING SOURCE
Original cataloging agency PPAK
Language of cataloging eng
Transcribing agency PPAK
Description conventions rda
082 04 - DEWEY DECIMAL CLASSIFICATION NUMBER
Classification number 899.2309
Edition number 23
090 00 - LOCALLY ASSIGNED LC-TYPE CALL NUMBER (OCLC); LOCAL CALL NUMBER (RLIN)
Classification number (OCLC) (R) ; Classification number, CALL (RLIN) (NR) 899.2309
Feature heading KON
Feature heading KMI
Classification number (OCLC) (R) ; Classification number, CALL (RLIN) (NR) 899.2309
Feature heading KON
Feature heading KSA
Classification number (OCLC) (R) ; Classification number, CALL (RLIN) (NR) 899.2309
Feature heading KON
Feature heading KHB
245 00 - TITLE STATEMENT
Title Konsep WIRA dalam Sastera Melayu /
Statement of responsibility, etc. Diselenggarakan oleh Siti Aisah Murad
264 #1 - PRODUCTION, PUBLICATION, DISTRIBUTION, MANUFACTURE, AND COPYRIGHT NOTICE
Place of production, publication, distribution, manufacture Kuala Lumpur :
Name of producer, publisher, distributor, manufacturer Dewan Bahasa dan Pustaka,
Date of production, publication, distribution, manufacture, or copyright notice 1993
Date of production, publication, distribution, manufacture, or copyright notice ©1993
300 ## - PHYSICAL DESCRIPTION
Extent xiv, 235 pages ;
Dimensions 22 cm
336 ## - CONTENT TYPE
Source rdacontent
Content type term text
337 ## - MEDIA TYPE
Source rdamedia
Media type term unmediated
338 ## - CARRIER TYPE
Source rdacarrier
Carrier type term volume
504 ## - BIBLIOGRAPHY, ETC. NOTE
Bibliography, etc. note Includes bibliographical references and index.
650 10 - SUBJECT ADDED ENTRY--TOPICAL TERM
Topical term or geographic name entry element Malay literature
Form subdivision History and critism
Topical term or geographic name entry element Heroes in literature
700 0# - ADDED ENTRY--PERSONAL NAME
Personal name Siti Aisah Murad,
Dates associated with a name 1957-
Relator term compiler.
942 ## - ADDED ENTRY ELEMENTS (KOHA)
Koha item type Book
Source of classification or shelving scheme Dewey Decimal Classification
Holdings
Withdrawn Not for loan Current library Shelving location Date acquired Full call number Barcode Date last seen Koha item type Total Checkouts
  Not For Loan Perpustakaan Alor Setar Koleksi S.N. Shahnon Ahmad 29/09/1998 KSA 899.2309 KON A00200627 01/06/2018 Book  
  Not For Loan Perpustakaan Alor Setar Koleksi Prof. Dr. Muhammad Isa Othman 04/05/2011 KMI 899.2309 KON A00382386 01/06/2018 Book  
  Not For Loan Perpustakaan Awam Sungai Petani Koleksi Hassan Basri Budiman 20/05/2024 KHB 899.2309 KON KHB000041 20/05/2024 Book